| 000 | 00521nam a2200193Ia 4500 | ||
|---|---|---|---|
| 003 | GCL | ||
| 005 | 20240530100600.0 | ||
| 008 | 140319s9999 xx 000 0 eng d | ||
| 020 | _a0856671649 | ||
| 040 |
_aGCL / _cGCL |
||
| 082 | 0 | 4 |
_a709.1 _bA I |
| 100 | 1 | _aALLON, JAMES W. | |
| 245 | 1 | 0 |
_aISLAMIC METALWORK THE NUHAD ES-SAID COLLECTIONS / _cALLON, JAMES W. |
| 260 |
_aLONDON : _bSATHEBY ، _c1982 |
||
| 300 |
_a128 P: _bpictures ; _c32 cm |
||
| 650 | 0 | 4 | _aART, ISLAMIC |
| 650 | 0 | 4 | _aMETAL - WORKS |
| 942 |
_2ddc _cBK |
||
| 999 |
_c18541 _d18541 |
||